Statistics for Largest Hubs by Airline #3

Click here to take the quiz!

General Stats

  • This quiz has been taken 134 times
  • The average score is 17 of 23

Answer Stats

AirlineLargest Hub% Correct
Korean AirSeoul (Incheon)
100%
Hawaiian AirlinesHonolulu
95%
Iran AirTehran
95%
AeroflotMoscow (Sheremetyevo)
93%
RyanairLondon (Stansted)
90%
Vietnam AirlinesHanoi
88%
Pakistan International AirlinesKarachi
87%
Croatia AirlinesZagreb
85%
El AlTel Aviv
84%
SriLankan AirlinesColombo
81%
TAPLisbon
78%
SaudiaJeddah
70%
JetBlue AirlinesNew York City (JFK)
70%
Gulf AirBahrain
62%
China AirlinesTaipei
62%
Lion AirJakarta
61%
VuelingBarcelona
60%
WestJetToronto
59%
EurowingsDüsseldorf
57%
Sichuan AirlinesChengdu
56%
Copa AirlinesPanama
54%
Gol AirlinesSão Paulo
51%
Arik AirLagos
38%

Score Distribution

Percentile by Number Answered

Percent of People with Each Score

Your Score History

You have not taken this quiz